00893nam a2200181 a 450000100100000000500170001000800410002704000250006811000510009324500550014426000340019930000210023359000610025471000510031595201630036695201650052999900170069400004581020240307073949.0150515s1982 dr r 000 0 spa d aDO-SdBNPbspacBNPHU1 aUniversidad Autónoma de Santo Domingo97295110aResoluciones del consejo universitario año 1981. aSanto Domingo :bUASD,c1982. a233 p. ;c20 cm. aPerteneció a la biblioteca personal de Erick Landestoy1 aUniversidad Autónoma de Santo Domingo972951 0010718PDaPDbPDcHDd2015-05-15iLF1l0o p45810-10r2020-06-25w2020-06-25yLFPDzPerteneció a la biblioteca personal de Erick LandestoyZNo se presta 0010718PDaPDbPDcHDd2019-05-29iLF1l0o p45810-20r2020-06-25w2020-06-25yLFPDzPerteneció a la biblioteca personal de Bárbara Suncar.ZNo se presta c45299d45299